|
|
|
|
| LEADER |
01545nam a2200409 a 4500 |
| 001 |
000766892 |
| 003 |
CZ BrMZK |
| 005 |
20090807123749.0 |
| 007 |
ta |
| 008 |
050315s2004 xr er 000 0 czeoc |
| 015 |
|
|
|a cnb001495413
|
| 020 |
|
|
|a 80-7325-053-5
|q (brož.)
|
| 035 |
|
|
|a (OCoLC)79659654
|
| 040 |
|
|
|a ABA001
|b cze
|d BOA001
|
| 072 |
|
7 |
|a 27-1/-2
|x Křesťanská teologie. Dogmatická teologie
|2 Konspekt
|9 5
|
| 080 |
|
|
|a 27-1(091)
|2 MRF
|
| 080 |
|
|
|a 27-184.2-58
|2 MRF
|
| 080 |
|
|
|a 27-184
|2 MRF
|
| 080 |
|
|
|a (048.8)
|2 MRF
|
| 100 |
1 |
|
|a Noble, Ivana,
|d 1966-
|7 jn20000400490
|4 aut
|
| 245 |
1 |
0 |
|a Po Božích stopách :
|b teologie jako interpretace náboženské zkušenosti
|c Ivana Noble
|
| 250 |
|
|
|a 1. vyd.
|
| 260 |
|
|
|a Brno :
|b Centrum pro studium demokracie a kultury,
|c 2004
|
| 300 |
|
|
|a 327 s. ;
|c 20 cm
|
| 490 |
1 |
|
|a Moderní česká teologie
|
| 504 |
|
|
|a Obsahuje bibliografii a bibliografické odkazy
|
| 650 |
0 |
7 |
|a křesťanská teologie
|7 ph115064
|x dějiny
|2 czenas
|
| 650 |
0 |
7 |
|a křesťanská teologie
|7 ph115064
|x metodologie
|2 czenas
|
| 650 |
0 |
7 |
|a náboženské zkušenosti
|7 ph202181
|2 czenas
|
| 650 |
0 |
7 |
|a Bůh a člověk
|7 ph116953
|2 czenas
|
| 655 |
|
7 |
|a studie
|7 fd133597
|2 czenas
|
| 830 |
|
0 |
|a Moderní česká teologie
|0 s
|
| 910 |
|
|
|a BOA001
|b 2-1148.860
|
| 990 |
|
|
|a BK
|
| 991 |
|
|
|b 200503
|c NOV
|
| 996 |
6 |
|
|b 2610246579
|c 2-1148.860
|l MZK
|r Sklad / do 1 hodiny
|n 1
|p p.v.
|w 000766892
|u 000010
|a 1
|e BOA001
|j MZK50
|s P
|
| 996 |
7 |
|
|b 2610254580
|c 2-1148.860
|l MZK
|r Sklad / do 1 hodiny
|n 12
|p kup
|w 000766892
|u 000020
|a 1
|e BOA001
|j MZK50
|s A
|